Flagi państw z jednym sąsiadem - Statystyki

Ogólne statystyki
  • Ten quiz został rozwiązany 17 razy
  • Średni wynik to 16 z 17
Statystyki odpowiedzi
Obrazkowy Odpowiedź % Poprawnych
Dania
100%
Dominikana
100%
Irlandia
100%
Kanada
100%
Katar
100%
Korea Południowa
100%
Monako
100%
Portugalia
100%
San Marino
100%
Watykan
100%
Wielka Brytania
100%
Brunei
93%
Papua Nowa Gwinea
93%
Haiti
87%
Lesotho
87%
Timor Wschodni
87%
Gambia
80%
Nie znaleziono quizów pasujących do podanych kryteriów
Rozkład punktacji
Procent ludzi z każdym wynikiem
Percentyl według liczby udzielonych odpowiedzi
Twoja historia wyników
Nie rozwiązałeś tego quizu